RE is great! (Record no. 125944)
[ view plain ]
| 000 -LEADER | |
|---|---|
| fixed length control field | 00462nam a22001577a 4500 |
| 005 - DATE AND TIME OF LATEST TRANSACTION | |
| control field | 20170111151148.0 |
| 008 - FIXED-LENGTH DATA ELEMENTS--GENERAL INFORMATION | |
| fixed length control field | 170111b xxu||||| |||| 00| 0 eng d |
| 050 ## - LIBRARY OF CONGRESS CALL NUMBER | |
| Classification number | LB41.M90 |
| 100 ## - MAIN ENTRY--PERSONAL NAME | |
| Personal name | Mudalitsa, John Yanko |
| 9 (RLIN) | 28240 |
| 245 ## - TITLE STATEMENT | |
| Title | RE is great! |
| Statement of responsibility, etc | by Mudalitsa, John Yanko |
| 260 ## - PUBLICATION, DISTRIBUTION, ETC. (IMPRINT) | |
| Place of publication, distribution, etc | Kitwe |
| Name of publisher, distributor, etc | John Yanko Mudalitsa |
| Date of publication, distribution, etc | 2016 |
| 300 ## - PHYSICAL DESCRIPTION | |
| Extent | 91p.; |
| Dimensions | 21cm. |
| 650 ## - SUBJECT ADDED ENTRY--TOPICAL TERM | |
| Topical term or geographic name as entry element | Education, Religious |
| 9 (RLIN) | 28241 |
| 700 ## - ADDED ENTRY--PERSONAL NAME | |
| Personal name | Mujorica, John |
| 9 (RLIN) | 19552 |
| 942 ## - ADDED ENTRY ELEMENTS (KOHA) | |
| Source of classification or shelving scheme | Library of Congress Classification |
| Item type | Monograph ( Printed materials) |
| Withdrawn status | Lost status | Source of classification or shelving scheme | Damaged status | Not for loan | Collection code | Home library | Current library | Shelving location | Date acquired | Total Checkouts | Full call number | Barcode | Checked out | Date last seen | Date last borrowed | Price effective from | Koha item type |
|---|---|---|---|---|---|---|---|---|---|---|---|---|---|---|---|---|---|
| Library of Congress Classification | Main Collection | ARRUPE LIBRARY | ARRUPE LIBRARY | Main Collection | 11/01/2017 | 1 | LB41.M90 | 46500022623 | 27/03/2017 | 13/03/2017 | 13/03/2017 | 11/01/2017 | Monograph ( Printed materials) |